<?xml version="1.0" encoding="UTF-8"?>
<record
    xmlns:xsi="http://www.w3.org/2001/XMLSchema-instance"
    xsi:schemaLocation="http://www.loc.gov/MARC21/slim http://www.loc.gov/standards/marcxml/schema/MARC21slim.xsd"
    xmlns="http://www.loc.gov/MARC21/slim">

  <leader>00520nam a22001457a 4500</leader>
  <controlfield tag="003">OSt</controlfield>
  <controlfield tag="005">20150916173406.0</controlfield>
  <controlfield tag="008">150916b        xxu||||| |||| 00| 0 eng d</controlfield>
  <datafield tag="040" ind1=" " ind2=" ">
    <subfield code="c">RUA</subfield>
  </datafield>
  <datafield tag="082" ind1=" " ind2=" ">
    <subfield code="a">AGR NOP 1999 BOO25 Or.1</subfield>
  </datafield>
  <datafield tag="100" ind1=" " ind2=" ">
    <subfield code="9">627</subfield>
    <subfield code="a">NOP, THUNVUTH</subfield>
  </datafield>
  <datafield tag="245" ind1=" " ind2=" ">
    <subfield code="a">STUDY ON CIDSE'S SVAY RIENG INTEGRATED COMMMUNITY DEVERLOPMENT PROGRAME,(&#x1780;&#x17B6;&#x179A;&#x17A2;&#x1793;&#x17BB;&#x179C;&#x178C;&#x17D2;&#x178D;&#x1793;&#x17CD;&#x179F;&#x17A0;&#x1782;&#x1798;&#x1793;&#x17CD;&#x1785;&#x17C6;&#x179A;&#x17BB;&#x17C7;&#x1794;&#x179F;&#x17CB;&#x179F;&#x17CA;&#x17B8;&#x178A;&#x179F;&#x17C1;-&#x179F;&#x17D2;&#x179C;&#x17B6;&#x1799;&#x179A;&#x17B6;&#x1784;).</subfield>
  </datafield>
  <datafield tag="260" ind1=" " ind2=" ">
    <subfield code="a">PHNOM PHEN</subfield>
    <subfield code="b">RUA</subfield>
    <subfield code="c">1999</subfield>
  </datafield>
  <datafield tag="942" ind1=" " ind2=" ">
    <subfield code="2">ddc</subfield>
    <subfield code="c">AGR</subfield>
  </datafield>
  <datafield tag="999" ind1=" " ind2=" ">
    <subfield code="c">601</subfield>
    <subfield code="d">601</subfield>
  </datafield>
  <datafield tag="952" ind1=" " ind2=" ">
    <subfield code="0">0</subfield>
    <subfield code="1">0</subfield>
    <subfield code="2">ddc</subfield>
    <subfield code="4">0</subfield>
    <subfield code="6">AGR_NOP_1999_000000000000000_BOO25_OR_1</subfield>
    <subfield code="7">0</subfield>
    <subfield code="9">2713</subfield>
    <subfield code="a">LBB</subfield>
    <subfield code="b">LBB</subfield>
    <subfield code="c">B025</subfield>
    <subfield code="d">2015-09-16</subfield>
    <subfield code="o">AGR NOP 1999 BOO25 Or.1</subfield>
    <subfield code="p">rua003218</subfield>
    <subfield code="r">2015-09-16</subfield>
    <subfield code="w">2015-09-16</subfield>
    <subfield code="y">AGR</subfield>
  </datafield>
</record>
